000 00980nam a22002297a 4500
005 20231004105158.0
008 231004b ||||| |||| 00| 0 eng d
020 _a9780198856849 (hardback)
020 _a9780198856856 (paperback)
020 _a9780191890048
040 _aCO-BoUCM
_cDavid Moreno
_dDavid Moreno
100 1 _aDebdeep, Jena
_9179007
245 1 0 _aQuantum physics of semiconductor materials and devices /
_cJena Debdeep
260 _a New York
_bOxford University Press
_c2022
300 _axxvi, 868 Paginas,
_bilustraciones y graficas
504 _aIncluye referencias bibliográficas e índices
650 1 7 _aSemiconductores de bajas dimensiones
_xSemiconductores de metal-oxido
_9179008
650 1 7 _aConductividad eléctrica
_xElectrónica-materiales
_9179009
650 1 7 _aDispositivos de transferencia de carga (electrónica)
_xFísica cuántica
_9179010
942 _2DEWEY
_a14
_cLIBRO
_e1
_h530.1
_mD286q
_n0
999 _c323224
_d323224